| 000 | 00675nam a2200181 4500 | ||
|---|---|---|---|
| 001 | 132320 | ||
| 003 | ES-MaACL | ||
| 005 | 20230906194142.0 | ||
| 007 | t| | ||
| 008 | 070214s1969 sp r ||||1| spa d | ||
| 100 | 1 |
_aRomero, José Luis. _999332 |
|
| 245 | 1 | 3 |
_aEl capital humano _b: ideas para una planificación social de la enseñanza en España / _cpor José Luis Romero y Amando de Miguel. |
| 260 |
_aMadrid : _bConfederación Española de Cajas de Ahorros, _c1969. |
||
| 300 |
_a256 p., 5 h. ; _c22 cm + _e4 h. pleg. |
||
| 700 | 1 |
_aMiguel, Amando de. _981000 |
|
| 710 | 2 |
_aConfederación Española de Cajas de Ahorros. _93148 |
|
| 852 |
_aES-MaACL _jC-48423 _bR.71898 |
||
| 999 |
_c132320 _d132320 |
||